| 000 | 00746nam a2200229 i 4500 | ||
|---|---|---|---|
| 001 | 143518 | ||
| 003 | ES-MaACL | ||
| 005 | 20250829063125.0 | ||
| 007 | t| | ||
| 008 | 070214s1944 sp r ||||1| spa d | ||
| 100 | 1 |
_aSertillanges, Antonin-Dalmace, _d1863-1948 _9105847 |
|
| 245 | 1 | 3 |
_aLa vida intelectual / _cA. D. Sertillanges ; [traducido del francés por el Dr. Vicente Nolla]. |
| 250 | _a2ª ed. | ||
| 260 |
_aBarcelona : _bAtlántida, _c1944 ( _fSimpar) |
||
| 300 |
_a200 p. ; _c17 cm. |
||
| 490 | 1 |
_aAlfa y omega ; _v1-2 |
|
| 650 | 7 |
_aVida intelectual _2embne _9159621 |
|
| 700 | 1 |
_aNolla, Vicente. _985918 |
|
| 830 | 0 |
_aAlfa y omega ; _v1-2 _9220574 |
|
| 852 |
_aES-MaACL _jD-6691 _bR.27087 |
||
| 999 |
_c143518 _d143518 |
||